Wolverhampton Wanderers Squad 2025-2026 - Statistics

General Stats
  • This quiz has been taken 230 times
    43 since last reset
  • The average score is 21 of 33
Answer Stats
# Position Nation Player % Correct
1 GK Portugal José Sá
100%
47 MF England Angel Gomes
96%
11 FW South Korea Hee-chan Hwang
96%
8 MF Brazil João Gomes
96%
9 FW Norway Jørgen Strand Larsen
92%
21 MF Portugal Rodrigo Gomes
92%
2 DF Ireland Matt Doherty
88%
3 DF Spain Hugo Bueno
84%
4 DF Uruguay Santiago Bueno
84%
7 MF Brazil André
80%
10 FW Colombia Jhon Arias
72%
37 DF Czech Republic Ladislav Krejčí
72%
31 GK England Sam Johnstone
72%
14 FW Nigeria Tolu Arokodare
72%
6 DF Norway David Møller Wolfe
68%
12 DF Ivory Coast Emmanuel Agbadou
68%
27 MF France Jean-Ricner Bellegarde
68%
- Coach Portugal Vítor Pereira
68%
5 MF Zimbabwe Marshall Munetsi
64%
24 DF Portugal Toti
64%
15 DF Colombia Yerson Mosquera
64%
9 FW England Adam Armstrong
60%
38 DF Cameroon Jackson Tchatchoua
52%
36 FW England Mateus Mané
52%
- Coach Wales Rob Edwards
52%
28 FW Spain Fer López
44%
25 GK England Daniel Bentley
40%
30 FW Paraguay Enso González
40%
17 DF Brazil Pedro Lima
40%
26 DF Netherlands Ki-Jana Hoever
36%
23 MF Zimbabwe Tawanda Chirewa
28%
63 FW Ireland Nathan Fraser
20%
- Coach England Jamie Collins
16%
No matching quizzes found
Score Distribution
Percent of People with Each Score
Percentile by Number Answered
Your Score History
You have not taken this quiz since the last reset